000 00606cam a22002293a 4500
001 13877
003 PGUSA
005 20140828083310.0
008 041026s2004||||xxu|||||s|||||000 | eng d
040 _aPGUSA
_beng
042 _adc
050 4 _aBJ
100 1 _aStarke, D.
245 1 0 _aPoise :
_bHow to Attain It
_h[electronic resource] /
_cD. Starke
260 _bProject Gutenberg,
_c2004
506 _aPublic domain in the USA.
516 _aElectronic text
653 _aConduct of life
830 0 _aProject Gutenberg
_v13877
856 4 0 _uhttp://www.gutenberg.org/ebooks/13877
942 _cEB
999 _c243132
_d243132